000 00615nam a22001697a 4500
003 OSt
005 20171010095439.0
008 120608t xxu||||| |||| 00| 0 eng d
040 _aMMSU
_cULS
100 _aPajinag, Jenny Ann Q., Barlahan, Daphne C.
_910092
245 _aStudent information system of Pinili National High School
_cJenny Ann Q. Pajinag, Daphne C. Barlahan
260 _c2007
300 _ax, [65] leaves
_c28 cm.
500 _aThesis (BS Computer Science) -- Mariano Marcos State University- College of Arts and Sciences, Batac City
504 _aBibliography: leaf 47
942 _2ddc
_cTHEDIS
999 _c9539
_d9539